000 00341nam a2200121Ia 4500
008 240731s9999 xx 000 0 und d
022 _a1502-7686
245 0 _aScandinavian Journal of Clinical and Laboratory Investigation
260 _bTaylor & Francis
856 _uhttps://www.tandfonline.com/loi/iclb20
942 _2ddc
942 _cTFEJ
999 _c79312
_d79312
945 _a1
_bMadushi Gamage
_c1
_dMadushi Gamage